Cómo superar los momentos de dolor y recuperar la paz interior / (Registro nro. 10340)
[ vista simple ]
| 000 -LEADER | |
|---|---|
| fixed length control field | 00733nam a22002537a 4500 |
| 001 - CONTROL NUMBER | |
| control field | 00002421 |
| 003 - CONTROL NUMBER IDENTIFIER | |
| control field | DO-SdBNP |
| 005 - DATE AND TIME OF LATEST TRANSACTION | |
| control field | 20180123085705.0 |
| 007 - PHYSICAL DESCRIPTION FIXED FIELD--GENERAL INFORMATION | |
| fixed length control field | 00002421 |
| 008 - FIXED-LENGTH DATA ELEMENTS--GENERAL INFORMATION | |
| fixed length control field | 160609b 2011 pn ||||| |||| 00| 0 spa d |
| 040 ## - CATALOGING SOURCE | |
| Original cataloging agency | BPMSU |
| Language of cataloging | spa |
| Transcribing agency | BPMSU |
| 092 ## - LOCALLY ASSIGNED DEWEY CALL NUMBER (OCLC) | |
| Classification number | xxxxxx |
| Item number | xxxxxx |
| 100 1# - MAIN ENTRY--PERSONAL NAME | |
| Personal name | Castro, Claudio de |
| 245 10 - TITLE STATEMENT | |
| Title | Cómo superar los momentos de dolor y recuperar la paz interior / |
| Statement of responsibility, etc. | Claudio de Castro. |
| 246 10 - VARYING FORM OF TITLE | |
| Title proper/short title | Cómo superar los momentos de Dolor |
| 250 ## - EDITION STATEMENT | |
| Edition statement | 20ava impr |
| 260 ## - PUBLICATION, DISTRIBUTION, ETC. (IMPRINT) | |
| Place of publication, distribution, etc. | Panama : |
| Name of publisher, distributor, etc. | ANAB, |
| Date of publication, distribution, etc. | 2011. |
| 300 ## - PHYSICAL DESCRIPTION | |
| Extent | 112 p. : |
| Other physical details | il. ; |
| Dimensions | 14 cm. |
| 490 1# - SERIES STATEMENT | |
| Series statement | Panes y peces |
| 830 #0 - SERIES ADDED ENTRY--UNIFORM TITLE | |
| Name of part/section of a work | Panes y peces |
| 942 ## - ADDED ENTRY ELEMENTS (KOHA) | |
| Source of classification or shelving scheme | Dewey Decimal Classification |
| Koha item type | Libros |
| 945 ## - LOCAL PROCESSING INFORMATION (OCLC) | |
| a | Inventariado, 2018/LP |
| 956 ## - LOCAL ELECTRONIC LOCATION AND ACCESS (OCLC) | |
| Host name | LOPEREZ |
| Access number | 10 |
| Compression information | 20160609 |
| Withdrawn status | Lost status | Source of classification or shelving scheme | Damaged status | Not for loan | Collection code | Home library | Current library | Date acquired | Source of acquisition | Total Checkouts | Barcode | Date last seen | Price effective from | Koha item type |
|---|---|---|---|---|---|---|---|---|---|---|---|---|---|---|
| Dewey Decimal Classification | Colección General | Biblioteca Pública Metropolitana Salomé Ureña | Biblioteca Pública Metropolitana Salomé Ureña | 06/09/2016 | Donación | BPMSU16060132 | 06/09/2016 | 06/09/2016 | Libros |